000
00414nam a22001697a 4500
003
MPLRDC
005
20220104113602.0
008
210129b ||||| |||| 00| 0 eng d
082
_a
857.62 SBQZ-9
100
_a
松本清张
245
_a
丧失的礼仪
_c
沈西城译
250
_a
初版
260
_a
_b
天地图书有限公司
_c
1980
300
_b
平
650
_a
推理小说
942
_c
BK
_o
857.62 SBQZ-9
999
_c
793
_d
783